| 000 | 00806cam a2200241 i 4500 | ||
|---|---|---|---|
| 001 | 799975 | ||
| 005 | 20250602130442.0 | ||
| 008 | 760323s1975 ilu 000 0 eng | ||
| 020 |
_a0877844852 : _c$2.95 |
||
| 050 | 0 | 0 |
_aBV601.8 _b.S8 1975 |
| 082 | 0 | 0 |
_a266 _222 |
| 100 | 1 | _aStott, John R. W. | |
| 245 | 1 | 0 |
_aChristian mission in the modern world / _cJohn R. W. Stott. |
| 260 |
_aDowners Grove, Ill. : _bInterVarsity Press, _c1975. |
||
| 300 |
_a128 p. ; _c22 cm. |
||
| 650 | 0 | _aMission of the church. | |
| 650 | 0 | _aEvangelistic work. | |
| 650 | 0 | _aChristianity and other religions. | |
| 650 | 0 |
_aSalvation _xChristianity. |
|
| 650 | 0 |
_aConversion _xChristianity. |
|
| 856 | 4 | 2 |
_3Contributor biographical information _uhttp://www.loc.gov/catdir/enhancements/fy1007/75021455-b.html |
| 942 |
_2lcc _cBK _n0 |
||
| 999 |
_c6137 _d6137 |
||